| 000 | 00000nam 2200000za 4500 |
| 001 | 9.840414 |
| 003 | CaOODSP |
| 005 | 20230809152221 |
| 007 | cr ||||||||||| |
| 008 | 170726m20132015quc ob f000 0 fre d |
| 040 | |aCaOODSP|bfre |
| 041 | |afre|geng |
| 043 | |an-cn--- |
| 086 | 1 |aP29-003-014-2013F-PDF |
| 245 | 00|aPropane utilisé comme carburant |h[ressource électronique] / |cpréparée par l'Office des normes générales du Canada ; approuvée par le Conseil canadien des normes. |
| 260 | |aGatineau : |bOffice des normes générales du Canada, |c2013, 2015. |
| 300 | |a2 v. (pagination multiples) |
| 490 | 1 |aNorme nationale du Canada ; |vno 3.14-2013 |
| 500 | |a« Mai 2013. » |
| 500 | |a« Expérience et excellence » -- Couv. |
| 500 | |aRemplace CAN/CGSB-3.14-2006. |
| 500 | |aPubl. aussi en anglais sous le titre : Propane for fuel purposes. |
| 500 | |aComprend un rectificatif, no 1, Juin 2015. |
| 504 | |aComprend des réf. bibliogr. |
| 520 | |a« La présente norme s’applique à deux grades de propane utilisés uniquement comme carburant. Ces grades sont essentiellement des composés en C3 » -- Objet, p. 1. |
| 546 | |aNorme en français seulement, rectificatif en anglais et en français. |
| 692 | 07|2gccst|aCombustible |
| 692 | 07|2gccst|aPétrole |
| 692 | 07|2gccst|aNorme |
| 710 | 2 |aConseil canadien des normes. |
| 710 | 2 |aOffice des normes générales du Canada. |
| 775 | 08|tPropane for fuel purposes |w(CaOODSP)9.840411 |
| 794 | |tPropane utilisé comme carburant |b2018|w(CaOODSP)9.860970 |
| 830 | #0|aNorme nationale du Canada ;|vno 3.14-2013.|w(CaOODSP)9.504227 |
| 856 | 40|qPDF|s461 Ko|uhttps://publications.gc.ca/collections/collection_2017/ongc-cgsb/P29-003-014-2013-fra.pdf|zNorme |
| 856 | 40|qPDF|s19 Ko|uhttps://publications.gc.ca/collections/collection_2017/ongc-cgsb/P29-003-014-2013-1.pdf|zRectificatif |
| 986 | |aICS 75.160.20 |